000 00320cam a22001217a 4500
008 180718b1959 xxu||||| |||| 00| 0 eng d
082 _aT1 V712
100 _aVillard, Henery H.
245 _aEconomic development
_cby Henery H. Villard
260 _aNew York
_bRinehart
_c1959
300 _axiv,229p.
650 _aEconomics
999 _c433196
_d433196